|
|
|
|
| LEADER |
00000nam a22000007a 4500 |
| 003 |
CL-VaPUC |
| 005 |
20250407202450.0 |
| 008 |
250317t2014 ||||| |||| 00| 0 spa d |
| 999 |
|
|
|c 447396
|d 447394
|
| 020 |
|
|
|a 978-84-15317-88-3
|
| 040 |
|
|
|c Pontificia Universidad Católica de Valparaíso
|
| 082 |
|
7 |
|2 22
|a 745.4 SAL 201
|
| 100 |
1 |
|
|a Salmond, Michael
|e autor
|9 896956
|
| 245 |
1 |
4 |
|a Los fundamentos del diseño interactivo.
|
| 250 |
|
|
|a Primera edición en lengua española.
|
| 260 |
|
|
|a Barcelona, España:
|b Blume,
|c 2014.
|
| 300 |
|
|
|a 192 páginas :
|b ilustraciones.
|
| 500 |
|
|
|a c.1-c.4. Instituto Arcos 8-1-2025.
|
| 583 |
|
|
|c 20250317
|k GC
|
| 650 |
|
0 |
|a Arte interactivo
|9 545580
|
| 650 |
|
0 |
|a Arte por computador
|9 895911
|
| 700 |
|
|
|a Ambrose, Gavin
|e autor
|9 896957
|
| 942 |
|
|
|2 ddc
|c BK
|n 0
|
| 952 |
|
|
|0 0
|1 0
|2 ddc
|4 0
|6 745_400000000000000_SAL_201
|7 0
|8 A
|9 601384
|a BIBINC
|b BIBINC
|d 2025-03-17
|e Instituto Arcos
|i 5666286
|o 745.4 SAL 201
|p 5666286
|r 2025-03-17
|t 1
|w 2025-03-17
|y BK
|k IFP
|
| 952 |
|
|
|0 0
|1 0
|2 ddc
|4 0
|6 745_400000000000000_SAL_201
|7 0
|8 A
|9 601385
|a BIBINC
|b BIBINC
|d 2025-03-17
|e Instituto Arcos
|i 5666287
|o 745.4 SAL 201
|p 5666287
|r 2025-03-17
|t 2
|w 2025-03-17
|y BK
|k IFP
|
| 952 |
|
|
|0 0
|1 0
|2 ddc
|4 0
|6 745_400000000000000_SAL_201
|7 0
|8 A
|9 601386
|a BIBINC
|b BIBINC
|d 2025-03-17
|e Instituto Arcos
|i 5666288
|o 745.4 SAL 201
|p 5666288
|r 2025-03-17
|t 3
|w 2025-03-17
|y BK
|k IFP
|
| 952 |
|
|
|0 0
|1 0
|2 ddc
|4 0
|6 745_400000000000000_SAL_201
|7 0
|8 A
|9 601387
|a BIBINC
|b BIBINC
|d 2025-03-17
|e Instituto Arcos
|i 5666289
|o 745.4 SAL 201
|p 5666289
|r 2025-03-17
|t 4
|w 2025-03-17
|y BK
|k IFP
|